Social firms to get legal shield (Record no. 72416)
[ view plain ]
| 000 -LEADER | |
|---|---|
| fixed length control field | 01083cam a2200229 4500 |
| 001 - CONTROL NUMBER | |
| control field | WB3913-15 |
| 008 - FIXED-LENGTH DATA ELEMENTS--GENERAL INFORMATION | |
| fixed length control field | 030401n2003 000 0 eng u |
| 035 ## - SYSTEM CONTROL NUMBER | |
| System control number | (Sirsi) u121861 |
| 245 ## - TITLE STATEMENT | |
| Title | Social firms to get legal shield |
| 260 ## - PUBLICATION, DISTRIBUTION, ETC. | |
| Date of publication, distribution, etc. | 2003 |
| 490 ## - SERIES STATEMENT | |
| Series statement | DTI Press Release |
| Volume/sequential designation | (P/2003/190) 26 March 2003 |
| 490 ## - SERIES STATEMENT | |
| Series statement | Regeneration and Renewal |
| Volume/sequential designation | 28 March 2003, 1(5) |
| 520 ## - SUMMARY, ETC. | |
| Summary, etc. | Government has launched a consultation on the setting up and running of community interest companies (CICs). The proposals include the creation of CICs with extra legal protection to safeguard their assets. It is hoped that this will lead to the establishment of 'hundreds' of such companies. The consultation paper can be viewed at http://www.dti.gov.uk/cics. DTI Press Release http://www.gnn.gov.uk/gnn/national.nsf/TI/E33F429E46D2CD8D80256CF5004106E1?opendocument |
| 590 ## - LOCAL NOTE (RLIN) | |
| Local note | WB |
| 650 ## - SUBJECT ADDED ENTRY--TOPICAL TERM | |
| Topical term or geographic name entry element | DEPRIVED AREAS |
| 650 ## - SUBJECT ADDED ENTRY--TOPICAL TERM | |
| Topical term or geographic name entry element | SOCIAL ENTERPRISES |
| 650 ## - SUBJECT ADDED ENTRY--TOPICAL TERM | |
| Topical term or geographic name entry element | LEGAL STATUS |
| 650 ## - SUBJECT ADDED ENTRY--TOPICAL TERM | |
| Topical term or geographic name entry element | PUBLIC CONSULTATIONS |
| 650 ## - SUBJECT ADDED ENTRY--TOPICAL TERM | |
| Topical term or geographic name entry element | COMMUNITY INTEREST COMPANIES |
| 690 ## - LOCAL SUBJECT ADDED ENTRY--TOPICAL TERM (OCLC, RLIN) | |
| Topical term or geographic name as entry element | REGENERATION |
| 942 ## - ADDED ENTRY ELEMENTS (KOHA) | |
| Suppress in OPAC | 0 |
| Withdrawn status | Lost status | Source of classification or shelving scheme | Damaged status | Not for loan | Home library | Current library | Shelving location | Date acquired | Total Checkouts | Full call number | Barcode | Date last seen | Copy number | Price effective from | Koha item type |
|---|---|---|---|---|---|---|---|---|---|---|---|---|---|---|---|
| Dewey Decimal Classification | London | London | News article | 01/04/2003 | WB3913-15 | 121861-1001 | 06/08/2019 | 1 | 06/08/2019 | News article |